000 00961cab a2200277 4500
001 ABS55396
008 090401t1996 xxu||||| |||| 00| 0 eng d
035 _a(Sirsi) u16156
041 _aeng
100 _aCollar, N.
245 _aListed buildings - section 18A and quantitative shopping deficiencies: the Redford Barracks Case
260 _c1996
350 _a0
490 _aProperty Law
_v(19) February 1996, 7-10(4)
520 _aExamines in detail the case of "City of Edinburgh DC v SoS Scotland", and the problems which that case raises in relation to the identification of listed buildings.
650 _aEDINBURGH CITY COUNCIL V SOS SCOTLAND
650 _aLISTED BUILDINGS
650 _aLOCAL DEVELOPMENT PLANS
650 _aSECTION 18A
650 _aSECTION 26
650 _aSTRUCTURE PLANS
650 _aTOWN AND COUNTRY PLANNING (SCOTLAND) ACT 1972
690 _aPLANNING LAW AND PRACTICE
942 _n0
948 _c04/03/1997
999 _c10620
_d10620